logo

Bir Sreshtho Munshi Abdur Rouf Library
Jhenaidah Cadet College

Economics / (Record no. 6467)

MARC details
000 -LEADER
fixed length control field 00941cam a2200313 a 4500
001 - CONTROL NUMBER
JCCL Control Number 6467
003 - CONTROL NUMBER IDENTIFIER
JCCL marc code BD-JhCC
005 - DATE AND TIME OF LATEST TRANSACTION
control field 20250504125521.0
008 - FIXED-LENGTH DATA ELEMENTS--GENERAL INFORMATION
fixed length control field 230118s2006 maua b 001 0 eng
020 ## - INTERNATIONAL STANDARD BOOK NUMBER
International Standard Book Number 0072872055 (alk. paper)
020 ## - INTERNATIONAL STANDARD BOOK NUMBER
International Standard Book Number 0071239324
035 ## - SYSTEM CONTROL NUMBER
system control number BD-JhCC 6467
040 ## - CATALOGING SOURCE
Original cataloging agency DLC
Transcribing agency DLC
Modifying agency MYG
041 ## - LANGUAGE CODE
Language code of Book eng
050 00 - LIBRARY OF CONGRESS CALL NUMBER
Classification number HB171.5.S25 2005
082 00 - DEWEY DECIMAL CLASSIFICATION NUMBER
Classification number 330
DDC Edition number 22
Author mark and Year SAM 2006
100 1# - MAIN ENTRY--PERSONAL NAME
Personal name Samuelson, Paul A.
Fuller form of name (Paul Anthony),
Dates associated with a name 1915-2009.
111 ## - MAIN ENTRY--MEETING NAME
Relator code exam3022
245 10 - TITLE STATEMENT
Title Economics /
Statement of responsibility, etc Paul A. Samuelson, William D. Nordhaus.
250 ## - EDITION STATEMENT
Edition statement 18th ed.
260 ## - PUBLICATION, DISTRIBUTION, ETC. (IMPRINT)
Place of publication, distribution, etc Boston :
Name of publisher, distributor, etc McGraw-Hill/Irwin,
Date of publication, distribution, etc c2006.
300 ## - PHYSICAL DESCRIPTION
Pagination xxiv, 776 p. :
Other physical details ill. (some col.) ;
Dimensions 27 cm.
504 ## - BIBLIOGRAPHY, ETC. NOTE
Bibliography, etc Includes bibliographical references and index.
650 #0 - SUBJECT ADDED ENTRY--TOPICAL TERM
Topical term or geographic name as entry element Economics.
700 1# - ADDED ENTRY--PERSONAL NAME
Personal name Nordhaus, William D.
856 41 - ELECTRONIC LOCATION AND ACCESS
Materials specified Table of contents
Uniform Resource Identifier http://www.loc.gov/catdir/toc/mh041/2004048113.html
942 ## - ADDED ENTRY ELEMENTS (KOHA)
Source of classification or shelving scheme Dewey Decimal Classification
Koha item type Books
Holdings
Source of classification or shelving scheme Damaged status Not for loan Home library Current library Shelving location Date of accession Total Checkouts Full call number Barcode Date last seen Copy number Koha item type
Dewey Decimal Classification     JCC Rouf Library JCC Rouf Library General Stacks 01/23/2018   330 SAM 2006 8770 01/23/2018 C - 1 Books

JCC Library | Contacts | JCC Home

Last Update on 23 September 2017
Copyright @ 2017-2020 JCC Rouf Library
Rouf Library, Jhenidah Cadet College (JCC), Bangladesh